000
00298nam a22001217a 4500
040
_c
SY
082
_a
338 DAV 2000 C092
100
_a
Divid Pearce Edward Barbier
245
_a
blueprint for a sustainable Economy
260
_a
UK
_b
Divid Pearce Edward Barbier
_c
2000
300
_a
273p
942
_c
EK
999
_c
11183
_d
11183